[Event "POL-chT 2nd League"]
[White "Paprocki, Artur"]
[Black "Reichel, Lukasz"]
[Site "Jastrzebia Gora"]
[Round "5.107"]
[Result "1/2-1/2"]
[Date "2022.09.07"]
[WhiteElo "1800"]
[BlackElo "1887"]
[PlyCount "100"]
[EventDate "2022.09.03"]
[EventType "team-swiss"]
[EventRounds "9"]
[EventCountry "POL"]
[SourceTitle "CBM 210 Extra"]
[Source "ChessBase"]
[SourceDate "2022.11.30"]
[SourceVersion "1"]
[SourceVersionDate "2022.11.30"]
[SourceQuality "1"]
[WhiteTeam "Olesnica Pogon"]
[BlackTeam "Zarow Goniec"]
[WhiteTeamCountry "POL"]
[BlackTeamCountry "POL"]

1. d4 Nf6 2. c4 g6 3. Nc3 Bg7 4. e4 d6 5. Nf3 0-0 6. Be2 e5 7. Be3 Ng4 8. Bg5 f6 9. Bc1 Nc6 10. h3 exd4 11. Nxd4 Nge5 12. Be3 Nxd4 13. Bxd4 Nc6 14. Be3 f5 15. exf5 Bxf5 16. 0-0 Qd7 17. Qd2 Rae8 18. Rae1 Kh8 19. Nd5 Ne7 20. Nxe7 Rxe7 21. Bd4 Rfe8 22. Bxg7+ Kxg7 23. Bf3 Rxe1 24. Rxe1 Rxe1+ 25. Qxe1 c6 26. Qe3 a6 27. Qd4+ Kg8 28. b3 h5 29. g4 hxg4 30. hxg4 Be6 31. Qf6 Qf7 32. Qd8+ Qf8 33. Qxf8+ Kxf8 34. g5 d5 35. cxd5 Bxd5 36. Be2 Be4 37. b4 Ke7 38. f4 Bf5 39. Kf2 Kd6 40. Ke3 Bb1 41. Bc4 c5 42. a3 Bf5 43. Bb3 cxb4 44. axb4 b6 45. Kd4 a5 46. bxa5 bxa5 47. Ba4 Bb1 48. Kc4 Bf5 49. Be8 Ke7 50. Bxg6 Bxg6 1/2-1/2

[Event "POL-chT 2nd League"]
[White "Wozniak, Marcin2"]
[Black "Paprocki, Artur"]
[Site "Jastrzebia Gora"]
[Round "2.77"]
[Result "0-1"]
[Date "2022.09.04"]
[WhiteElo "1821"]
[BlackElo "1800"]
[PlyCount "127"]
[EventDate "2022.09.03"]
[EventType "team-swiss"]
[EventRounds "9"]
[EventCountry "POL"]
[SourceTitle "CBM 210 Extra"]
[Source "ChessBase"]
[SourceDate "2022.11.30"]
[SourceVersion "1"]
[SourceVersionDate "2022.11.30"]
[SourceQuality "1"]
[WhiteTeam "Rzeszow Szachownica"]
[BlackTeam "Olesnica Pogon"]
[WhiteTeamCountry "POL"]
[BlackTeamCountry "POL"]

1. e4 c5 2. Nc3 Nc6 3. g3 g6 4. Bg2 Bg7 5. d3 e6 6. Be3 d6 7. f4 Nge7 8. Nf3 0-0 9. 0-0 b6 10. Qd2 d5 11. exd5 exd5 12. Bf2 d4 13. Nb1 Be6 14. h3 Qd7 15. g4 Rae8 16. Na3 f5 17. g5 Nc8 18. Rae1 Nd6 19. h4 Nf7 20. h5 Bd5 21. Nh4 Bxg2 22. Kxg2 Ne7 23. hxg6 Nxg6 24. Rh1 Rxe1 25. Bxe1 Re8 26. Nxg6 hxg6 27. Kf1 Qd5 28. Rh3 Qxa2 29. Bf2 Qxb2 30. Nc4 Qc3 31. Qd1 b5 32. Nd2 Qa5 33. Nf3 Qc7 34. Qd2 Re6 35. Nh4 Nd6 36. Qd1 Qf7 37. Qa1 Nc8 38. Qa5 Qd7 39. Kg2 Nb6 40. Qa2 Qd5+ 41. Qxd5 Nxd5 42. Rh1 Nxf4+ 43. Kf3 Nd5 44. Ra1 a6 45. Bg3 Kf7 46. Ng2 Ke7 47. Bb8 Kd7 48. Rh1 Ke8 49. Rh7 Kf8 50. Rh1 Kf7 51. Ra1 Ne3 52. Nf4 Rc6 53. Ra2 c4 54. Ke2 cxd3+ 55. Kxd3 Rc3+ 56. Kd2 Nc4+ 57. Kc1 Ra3 58. Rxa3 Nxa3 59. Ba7 Nc4 60. Bc5 Na5 61. Nd5 Be5 62. Kd1 Nc6 63. Ke2 Ke6 64. Ke1 0-1

[Event "POL-chT3 Dolnoslaskie 1617"]
[White "Paprocki, Artur"]
[Black "Malinowski, Damian"]
[Site "Poland"]
[Round "4.9"]
[Result "0-1"]
[Date "2016.12.11"]
[WhiteElo "1884"]
[BlackElo "1939"]
[PlyCount "46"]
[EventDate "2016.10.16"]
[EventType "team-tourn"]
[EventRounds "11"]
[EventCountry "POL"]
[SourceTitle "EXT 2018"]
[Source "ChessBase"]
[SourceDate "2017.10.13"]
[SourceVersion "1"]
[SourceVersionDate "2017.10.13"]
[SourceQuality "1"]

1. d4 d5 2. Bg5 c6 3. e3 h6 4. Bh4 Bf5 5. Nf3 Qb6 6. Qc1 e6 7. Be2 Nd7 8. 0-0 Be7 9. Nbd2 g5 10. Bg3 h5 11. c4 Qd8 12. h3 h4 13. Bh2 g4 14. hxg4 Bxg4 15. e4 Ngf6 16. Bd3 h3 17. Re1 Bb4 18. exd5 cxd5 19. a3 Bxd2 20. Nxd2 hxg2 21. cxd5 Nxd5 22. Bg3 Nf4 23. Bxf4 Qh4 0-1

[Event "POL-chT3 Dolnoslaskie 1617"]
[White "Walentukiewicz, Michal"]
[Black "Paprocki, Artur"]
[Site "Poland"]
[Round "2.3"]
[Result "1/2-1/2"]
[Date "2016.11.06"]
[WhiteElo "2095"]
[BlackElo "1884"]
[PlyCount "83"]
[EventDate "2016.10.16"]
[EventType "team-tourn"]
[EventRounds "11"]
[EventCountry "POL"]
[SourceTitle "EXT 2018"]
[Source "ChessBase"]
[SourceDate "2017.10.13"]
[SourceVersion "1"]
[SourceVersionDate "2017.10.13"]
[SourceQuality "1"]

1. c4 g6 2. g3 Bg7 3. Bg2 Nf6 4. Nf3 0-0 5. 0-0 d6 6. Nc3 Nc6 7. d3 e5 8. Rb1 Bd7 9. b4 Qc8 10. Bg5 Bh3 11. Bxf6 Bxf6 12. Nd5 Bd8 13. Qd2 Bxg2 14. Kxg2 Kg7 15. b5 Ne7 16. Rfc1 f6 17. Qb4 Qe6 18. Qb3 Nxd5 19. cxd5 Qf7 20. Rc2 f5 21. Rbc1 h6 22. a4 g5 23. Nd2 g4 24. f3 h5 25. Qc4 Qg6 26. Rf1 Rf7 27. d4 Bf6 28. dxe5 dxe5 29. e4 f4 30. Qd3 Rh8 31. Rfc1 Bd8 32. Qc3 Bf6 33. Qd3 Bd8 34. Rc4 fxg3 35. hxg3 h4 36. f4 hxg3 37. f5 Rh2+ 38. Kg1 Rh1+ 39. Kg2 Rh2+ 40. Kg1 Rh1+ 41. Kg2 Rh2+ 42. Kg1 1/2-1/2

[Event "POL-chT3 Dolnoslaskie 1314"]
[White "Paprocki, Artur"]
[Black "Walentukiewicz, Michal"]
[Site "Poland"]
[Round "5.22"]
[Result "0-1"]
[Date "2013.12.15"]
[WhiteElo "1896"]
[BlackElo "2102"]
[PlyCount "66"]
[EventDate "2013.10.20"]
[EventType "team-tourn"]
[EventRounds "11"]
[EventCountry "POL"]
[SourceTitle "EXT 2018"]
[Source "ChessBase"]
[SourceDate "2017.10.13"]
[SourceVersion "1"]
[SourceVersionDate "2017.10.13"]
[SourceQuality "1"]
[WhiteTeam "Olesnica Pogon"]
[BlackTeam "Wroclaw MUKS MDK Fabryczna"]
[WhiteTeamCountry "POL"]
[BlackTeamCountry "POL"]

1. d4 g6 2. c4 Bg7 3. Nf3 c5 4. Nc3 cxd4 5. Nxd4 Nc6 6. e3 Nf6 7. Be2 0-0 8. 0-0 Nxd4 9. Qxd4 d6 10. Bf3 Ng4 11. Qd2 Ne5 12. Be2 Be6 13. b3 Qc7 14. Bb2 Rfc8 15. Rac1 a6 16. Nd5 Bxd5 17. cxd5 Qd8 18. Rxc8 Rxc8 19. Rc1 Nd7 20. Bxg7 Kxg7 21. Rc3 Nf6 22. Rxc8 Qxc8 23. Bf3 h5 24. g3 Qf5 25. Kg2 g5 26. e4 Qe5 27. Kf1 g4 28. Bg2 Kg6 29. Qc2 Kg7 30. Ke1 Nxd5 31. Kf1 Nb4 32. Qd2 Qa1+ 33. Ke2 Qxa2 0-1

[Event "POL-chT3 Dolnoslaskie 1314"]
[White "Kumala, Aleksander"]
[Black "Paprocki, Artur"]
[Site "Poland"]
[Round "4.12"]
[Result "1-0"]
[Date "2013.12.01"]
[WhiteElo "2013"]
[BlackElo "1896"]
[PlyCount "66"]
[EventDate "2013.10.20"]
[EventType "team-tourn"]
[EventRounds "11"]
[EventCountry "POL"]
[SourceTitle "EXT 2018"]
[Source "ChessBase"]
[SourceDate "2017.10.13"]
[SourceVersion "1"]
[SourceVersionDate "2017.10.13"]
[SourceQuality "1"]
[WhiteTeam "Gant Hetman"]
[BlackTeam "Olesnica Pogon"]
[WhiteTeamCountry "POL"]
[BlackTeamCountry "POL"]

1. d4 Nf6 2. Nf3 g6 3. g3 Bg7 4. Bg2 d6 5. 0-0 0-0 6. c4 Nc6 7. Nc3 Bd7 8. d5 Na5 9. Qd3 c5 10. Nd2 a6 11. e4 Rb8 12. a4 e6 13. dxe6 Bxe6 14. Rd1 Ng4 15. Qe2 Bd4 16. Rf1 Qf6 17. h3 Ne5 18. Nd5 Bxd5 19. cxd5 c4 20. Kh2 Nd3 21. Nxc4 Nxc1 22. Raxc1 Nxc4 23. Rxc4 Bxb2 24. Rb1 Bd4 25. f4 Rfc8 26. Rxb7 Rxb7 27. Rxc8+ Kg7 28. Rc1 Rb2 29. Qxa6 Bb6 30. Qd3 Rf2 31. Rc6 Rxg2+ 32. Kxg2 Qb2+ 33. Qc2 Qd4 1-0

[Event "POL-ch Amateur"]
[White "Wandowicz, Kajetan"]
[Black "Paprocki, Artur"]
[Site "Wroclaw"]
[Round "7"]
[Result "1/2-1/2"]
[Date "2012.06.24"]
[WhiteElo "1714"]
[BlackElo "1926"]
[PlyCount "94"]
[EventDate "2012.06.22"]
[EventType "swiss"]
[EventRounds "7"]
[EventCountry "POL"]
[SourceTitle "EXT 2013"]
[Source "ChessBase"]
[SourceDate "2012.11.22"]
[SourceVersion "1"]
[SourceVersionDate "2012.11.22"]
[SourceQuality "1"]

1. e4 g6 2. d4 Bg7 3. c4 d6 4. Nc3 Nf6 5. f3 0-0 6. Be3 c6 7. Qd2 Re8 8. Bd3 a6 9. Nge2 b5 10. b3 Nbd7 11. Rc1 Bb7 12. 0-0 e5 13. Rfd1 Qe7 14. cxb5 axb5 15. Bb1 Red8 16. Bg5 exd4 17. Nxd4 Nc5 18. f4 h6 19. Bh4 g5 20. fxg5 Nfxe4 21. Nxe4 Nxe4 22. Qc2 hxg5 23. Nf5 Qe5 24. Nxg7 gxh4 25. Qxe4 Qxe4 26. Bxe4 Kxg7 27. Bxc6 Bxc6 28. Rxc6 Rxa2 29. Rb6 Re8 30. Rxb5 Ree2 31. Rg5+ Kf6 32. Rg4 Kf5 33. Rg8 Rad2 34. Rf1+ Ke6 35. Re8+ Kd5 36. Rxe2 Rxe2 37. Rxf7 Rb2 38. Rh7 Rxb3 39. Rxh4 Ke5 40. Kf2 d5 41. Rh8 d4 42. h4 Rb2+ 43. Kf3 d3 44. Rd8 d2 45. g4 Rb3+ 46. Ke2 Rb4 47. Kxd2 Rxg4 1/2-1/2